<?xml version="1.0" encoding="UTF-8"?>
<record
    xmlns:xsi="http://www.w3.org/2001/XMLSchema-instance"
    xsi:schemaLocation="http://www.loc.gov/MARC21/slim http://www.loc.gov/standards/marcxml/schema/MARC21slim.xsd"
    xmlns="http://www.loc.gov/MARC21/slim">

  <leader>01274nam a22003017a 4500</leader>
  <controlfield tag="001">768714001</controlfield>
  <controlfield tag="003">CO-MdFUSB</controlfield>
  <controlfield tag="005">20190202100523.0</controlfield>
  <controlfield tag="008">170131s1985    xxu||||| |||| 00| 0 eng d</controlfield>
  <datafield tag="020" ind1=" " ind2=" ">
    <subfield code="a">0835805190</subfield>
  </datafield>
  <datafield tag="040" ind1=" " ind2=" ">
    <subfield code="a">CO-MdFUSB</subfield>
    <subfield code="b">spa</subfield>
    <subfield code="c">CO-MdFUSB</subfield>
    <subfield code="d">CO-MdFUSB</subfield>
    <subfield code="e">rda</subfield>
  </datafield>
  <datafield tag="041" ind1=" " ind2=" ">
    <subfield code="a">eng</subfield>
  </datafield>
  <datafield tag="082" ind1=" " ind2=" ">
    <subfield code="2">24</subfield>
    <subfield code="a">248.4</subfield>
    <subfield code="b">M956s</subfield>
  </datafield>
  <datafield tag="100" ind1=" " ind2=" ">
    <subfield code="a">Mulholland, M. Robert</subfield>
    <subfield code="e">autor</subfield>
  </datafield>
  <datafield tag="245" ind1=" " ind2=" ">
    <subfield code="a">Shaped by the word</subfield>
    <subfield code="b">: the power of sripture in spiritual formation</subfield>
    <subfield code="c">/ M.Robert Mulholland JR.</subfield>
  </datafield>
  <datafield tag="264" ind1=" " ind2="1">
    <subfield code="a">Estados Unidos:</subfield>
    <subfield code="b">The upper room;</subfield>
    <subfield code="c">&#x2117;1985</subfield>
  </datafield>
  <datafield tag="264" ind1=" " ind2="4">
    <subfield code="c">&#xA9;1985</subfield>
  </datafield>
  <datafield tag="300" ind1=" " ind2=" ">
    <subfield code="a">173 p&#xE1;ginas</subfield>
    <subfield code="c">; 22 cm.</subfield>
    <subfield code="b">: </subfield>
  </datafield>
  <datafield tag="336" ind1=" " ind2=" ">
    <subfield code="2">rdacontent</subfield>
    <subfield code="a">1</subfield>
    <subfield code="b">a1</subfield>
  </datafield>
  <datafield tag="337" ind1=" " ind2=" ">
    <subfield code="2">rdamedia</subfield>
    <subfield code="a">2</subfield>
    <subfield code="b">5</subfield>
  </datafield>
  <datafield tag="338" ind1=" " ind2=" ">
    <subfield code="2">rdacarrier</subfield>
    <subfield code="a">2</subfield>
    <subfield code="b">5</subfield>
  </datafield>
  <datafield tag="500" ind1=" " ind2=" ">
    <subfield code="a">El capitulo 6 es adaptado de "The Church in the Epistles" por M.Robert Mulholland.</subfield>
  </datafield>
  <datafield tag="505" ind1=" " ind2=" ">
    <subfield code="a">1. Orientarse
2.Como leer sin leer
3. La naturaleza de la formaci&#xF3;n espiritual
4.Varias palabras de Dios
5. Informaci&#xF3;n versus formaci&#xF3;n
6. Car&#xE1;cter iconogr&#xE1;fico de la escritura
7. Existencia kairotica
8. Din&#xE1;mica funcional-relacional
9.Siendo y haciendo
10. Quebrando la corteza
11. Directrices de Wesley para leer la escritura</subfield>
  </datafield>
  <datafield tag="650" ind1=" " ind2="0">
    <subfield code="9">19</subfield>
    <subfield code="a">Vida cristiana</subfield>
  </datafield>
  <datafield tag="650" ind1=" " ind2="0">
    <subfield code="a">Teolog&#xED;a pr&#xE1;ctica</subfield>
    <subfield code="9">180</subfield>
  </datafield>
  <datafield tag="942" ind1=" " ind2=" ">
    <subfield code="c">BK</subfield>
  </datafield>
  <datafield tag="952" ind1=" " ind2=" ">
    <subfield code="0">0</subfield>
    <subfield code="1">0</subfield>
    <subfield code="2">ddc</subfield>
    <subfield code="4">0</subfield>
    <subfield code="7">0</subfield>
    <subfield code="8">GEN</subfield>
    <subfield code="a">FUSBC</subfield>
    <subfield code="b">FUSBC</subfield>
    <subfield code="d">2017-01-31</subfield>
    <subfield code="l">3</subfield>
    <subfield code="m">1</subfield>
    <subfield code="o">G 248.4 M956s</subfield>
    <subfield code="p">17428</subfield>
    <subfield code="r">2021-03-10 00:00:00</subfield>
    <subfield code="s">2021-02-02</subfield>
    <subfield code="t">Ej. 1</subfield>
    <subfield code="w">2017-01-31</subfield>
    <subfield code="y">BK</subfield>
    <subfield code="I">INV2023</subfield>
  </datafield>
  <datafield tag="999" ind1=" " ind2=" ">
    <subfield code="c">63793</subfield>
    <subfield code="d">63793</subfield>
  </datafield>
</record>
